Score 0/20 Timer 04:00
1 Play Today
Mixed Word Rock or Mineral % Correct
CALTTalc
94.5%
LOCACoal
93.1%
TARZUQQuartz
92.3%
HALCKChalk
90.8%
FITLNFlint
83.1%
LEASHShale
80.9%
SMILETONELimestone
79.4%
LARMMarl
78.7%
NOTESANDSSandstone
72%
BEARLMMarble
69.2%
Mixed Word Rock or Mineral % Correct
SALTABBasalt
63.5%
PICEMUPumice
54.2%
STEALSlate
45.2%
TEARINGGranite
43.3%
IGNITELLignite
23.9%
SNARKSkarn
23.5%
STICHSSchist
22.5%
BOISANDIObsidian
13.4%
VISOTESovite
11.2%
EATLIPAplite
4.6%

You're not logged in!

Compare scores with friends on all Sporcle quizzes.
OR
Log In

Sporcle TV

Today on Sporcle TV


Watch our educational content, quiz creation guides, and fun videos on Sporcle TV.

Show Comments

Extras

Top Quizzes Today


Score Distribution

Your Account Isn't Verified!

In order to create a playlist on Sporcle, you need to verify the email address you used during registration. Go to your Sporcle Settings to finish the process.

Report this User

Report this user for behavior that violates our Community Guidelines.

Details: